| 000 | 00491pab a2200169 454500 | ||
|---|---|---|---|
| 008 | 180718b2009 xxu||||| |||| 00| 0 eng d | ||
| 100 | _aRamotra, K.C. | ||
| 245 | _a"Status of women in central Warana basin of Sothern Maharashtra: a micro-level analysis" | ||
| 260 | _c2009 | ||
| 300 | _ap.132-35. | ||
| 650 | _aWomens status - India - Maharashtra | ||
| 650 | _aWomens status | ||
| 700 | _aKanase, S.B. | ||
| 773 | _aIndian Journal of Regional Science | ||
| 908 | _aN | ||
| 909 | _a83509 | ||
| 999 |
_c83509 _d83509 |
||